| 000 | 00632nam a22002417a 4500 | ||
|---|---|---|---|
| 003 | UA-OsUOA | ||
| 001 | 20445 | ||
| 007 | ta | ||
| 008 | 20031029b un ||||| |||| 00| 0 ukr d | ||
| 100 | _aМясников В. Ф. | ||
| 090 |
_a910.4(40+571:9) _bМ99 |
||
| 942 | _cBK | ||
| 040 |
_aUA-OsUOA _brus _cUA-OsUOA _dUA-OsUOA |
||
| 245 | _aПутешествие в страну белого сфинкса | ||
| 300 |
_a208 с. _bІлюстрації |
||
| 955 | _a0 | ||
| 041 | _arus | ||
| 080 | _a910.4(40+571:9) | ||
| 260 |
_aСимферополь _bТаврия _c1986 |
||
| 044 | _aUA | ||
| 650 | 7 | _2UDC | |
| 999 |
_c306622 _d306622 |
||